000 00196 a2200097 4500
020 _a9781595341549
041 _aspa
100 _aTrynity University Press
245 _aBlack y Blanco
942 _cBK
999 _c14919
_d14919